<?xml version="1.0" encoding="UTF-8"?>
<record
    xmlns:xsi="http://www.w3.org/2001/XMLSchema-instance"
    xsi:schemaLocation="http://www.loc.gov/MARC21/slim http://www.loc.gov/standards/marcxml/schema/MARC21slim.xsd"
    xmlns="http://www.loc.gov/MARC21/slim">

  <leader>00628nam a2200229Ia 4500</leader>
  <controlfield tag="005">20230430094642.0</controlfield>
  <controlfield tag="008">230125s9999    xx            000 0 und d</controlfield>
  <datafield tag="020" ind1=" " ind2=" ">
    <subfield code="a">978-93-528-6605-2</subfield>
  </datafield>
  <datafield tag="041" ind1=" " ind2=" ">
    <subfield code="a">eng</subfield>
  </datafield>
  <datafield tag="082" ind1=" " ind2=" ">
    <subfield code="a">658</subfield>
    <subfield code="b">PEA</subfield>
  </datafield>
  <datafield tag="100" ind1=" " ind2=" ">
    <subfield code="a">Pearson India Edu</subfield>
    <subfield code="9">117633</subfield>
  </datafield>
  <datafield tag="245" ind1=" " ind2=" ">
    <subfield code="a">Longman Business English Dictionary</subfield>
  </datafield>
  <datafield tag="260" ind1=" " ind2=" ">
    <subfield code="c">2018</subfield>
    <subfield code="b">Pearson Education</subfield>
    <subfield code="a">Uttar Pradesh</subfield>
  </datafield>
  <datafield tag="300" ind1=" " ind2=" ">
    <subfield code="a">594p</subfield>
    <subfield code="c">Paper Back</subfield>
  </datafield>
  <datafield tag="440" ind1=" " ind2=" ">
    <subfield code="v">2</subfield>
  </datafield>
  <datafield tag="500" ind1=" " ind2=" ">
    <subfield code="a">Dictionary;General Management;Dictionary of Business
</subfield>
  </datafield>
  <datafield tag="650" ind1=" " ind2=" ">
    <subfield code="a">Management</subfield>
  </datafield>
  <datafield tag="700" ind1=" " ind2=" ">
    <subfield code="a">Pearson India Edu</subfield>
    <subfield code="9">117633</subfield>
  </datafield>
  <datafield tag="906" ind1=" " ind2=" ">
    <subfield code="b">27</subfield>
  </datafield>
  <datafield tag="942" ind1=" " ind2=" ">
    <subfield code="c">BK</subfield>
  </datafield>
  <datafield tag="999" ind1=" " ind2=" ">
    <subfield code="c">95468</subfield>
    <subfield code="d">95468</subfield>
  </datafield>
  <datafield tag="952" ind1=" " ind2=" ">
    <subfield code="0">0</subfield>
    <subfield code="1">0</subfield>
    <subfield code="4">0</subfield>
    <subfield code="7">3</subfield>
    <subfield code="a">HIMR</subfield>
    <subfield code="b">HIMR</subfield>
    <subfield code="d">2019-02-10</subfield>
    <subfield code="e">Pritam Book Centre</subfield>
    <subfield code="g">529.00</subfield>
    <subfield code="i">10762</subfield>
    <subfield code="o">658 PEA B18068</subfield>
    <subfield code="p">HIMR-BK-18068</subfield>
    <subfield code="r">2023-01-25 00:00:00</subfield>
    <subfield code="v">502.00</subfield>
    <subfield code="w">2011-08-17</subfield>
    <subfield code="y">BK</subfield>
    <subfield code="z">B18068</subfield>
  </datafield>
  <datafield tag="952" ind1=" " ind2=" ">
    <subfield code="0">0</subfield>
    <subfield code="1">0</subfield>
    <subfield code="4">0</subfield>
    <subfield code="7">3</subfield>
    <subfield code="a">HIMR</subfield>
    <subfield code="b">HIMR</subfield>
    <subfield code="d">2019-02-10</subfield>
    <subfield code="e">Pritam Book Centre</subfield>
    <subfield code="g">529.00</subfield>
    <subfield code="i">10762</subfield>
    <subfield code="o">658 PEA B18069</subfield>
    <subfield code="p">HIMR-BK-18069</subfield>
    <subfield code="r">2023-01-25 00:00:00</subfield>
    <subfield code="v">502.00</subfield>
    <subfield code="w">2011-08-17</subfield>
    <subfield code="y">BK</subfield>
    <subfield code="z">B18069</subfield>
  </datafield>
</record>
